000 00641cam a22002293a 4500
001 7977
003 PGUSA
005 20140828083151.0
008 050401s2005||||xxu|||||s|||||000 | eng d
040 _aPGUSA
_beng
042 _adc
050 4 _aBT
100 1 _aSadlier, J.,
_cMrs,
_d1820-1903
245 1 0 _aPurgatory :
_bDoctrinal, Historical, and Poetical
_h[electronic resource] /
_cJ., Sadlier
260 _bProject Gutenberg,
_c2005
506 _aPublic domain in the USA.
516 _aElectronic text
653 _aPurgatory
830 0 _aProject Gutenberg
_v7977
856 4 0 _uhttp://www.gutenberg.org/ebooks/7977
942 _cEB
999 _c237277
_d237277